<?xml version="1.0" encoding="UTF-8"?>
<marc:record xmlns:marc="http://www.loc.gov/MARC21/slim">
   <marc:leader>00000nam a2200000 a 4500</marc:leader>
   <marc:datafield ind1="1" ind2=" " tag="100">
      <marc:subfield code="a">Söllner, Elke</marc:subfield>
      <marc:subfield code="4">aut</marc:subfield>
      <marc:subfield code="e">Verfasser/-in</marc:subfield>
   </marc:datafield>
   <marc:datafield ind1=" " ind2=" " tag="653">
      <marc:subfield code="a">Therapie</marc:subfield>
   </marc:datafield>
   <marc:datafield ind1=" " ind2=" " tag="653">
      <marc:subfield code="a">Katze</marc:subfield>
   </marc:datafield>
   <marc:datafield ind1=" " ind2=" " tag="653">
      <marc:subfield code="a">Heilkraft</marc:subfield>
   </marc:datafield>
   <marc:datafield ind1=" " ind2=" " tag="653">
      <marc:subfield code="a">Mensch</marc:subfield>
   </marc:datafield>
   <marc:datafield ind1="0" ind2="0" tag="245">
      <marc:subfield code="a">Die heilende Kraft der Katzen</marc:subfield>
   </marc:datafield>
   <marc:datafield ind1="0" ind2="0" tag="245">
      <marc:subfield code="c">Söllner, Elke</marc:subfield>
   </marc:datafield>
   <marc:datafield ind1=" " ind2="1" tag="264">
      <marc:subfield code="a">Wien</marc:subfield>
      <marc:subfield code="b">Goldegg</marc:subfield>
      <marc:subfield code="c">2019</marc:subfield>
   </marc:datafield>
   <marc:datafield ind1="1" ind2=" " tag="520">
      <marc:subfield code="a">Katzen trösten und machen uns glücklich - ein völlig neuer Ansatz für das Zusammenleben mit Katzen&lt;br/&gt; Katzen sind höchst sensible Geschöpfe. Sie können Gefühle wie Freude oder Angst empfinden. Diesen Fähigkeiten verdanken wir Menschen es, dass Katzen unsere Emotionen auffangen können und uns sogar eigene Krankheiten vor Augen führen können. Sie fungieren wie Hinweisschilder für unsere eigene Wahrnehmung und helfen uns dabei, uns unserer selbst besser bewusst zu werden. Darüber hinaus fungieren sie als Seelentröster und in manchen Situationen spenden sie uns fast therapeutische Kraft.&lt;br/&gt; Wenn wir uns bewusst auf diese wunderbaren Tiere einlassen und uns mit ihrer mystischen Stärke verbinden, wirken sie tatsächlich heilsam auf uns.&lt;br/&gt; Ein völlig neuer Aspekt im Zusammenleben mit Katzen! [Verlagsmeldung]</marc:subfield>
   </marc:datafield>
   <marc:datafield ind1=" " ind2=" " tag="020">
      <marc:subfield code="a">9783990600993</marc:subfield>
      <marc:subfield code="9">9783990600993</marc:subfield>
   </marc:datafield>
   <marc:datafield ind1=" " ind2=" " tag="020">
      <marc:subfield code="a">3990600990</marc:subfield>
      <marc:subfield code="9">3990600990</marc:subfield>
   </marc:datafield>
   <marc:datafield ind1=" " ind2=" " tag="041">
      <marc:subfield code="a">ger</marc:subfield>
   </marc:datafield>
   <marc:datafield ind1=" " ind2=" " tag="338">
      <marc:subfield code="a">Band</marc:subfield>
   </marc:datafield>
   <marc:datafield ind1=" " ind2=" " tag="300">
      <marc:subfield code="a">220 S.</marc:subfield>
   </marc:datafield>
</marc:record>
